| 000 | 01003nam a22002297a 4500 | ||
|---|---|---|---|
| 003 | BD-DhUL | ||
| 005 | 20171120152736.0 | ||
| 008 | 170427s2017 bg a|||| b||| 00| 0 ben | ||
| 020 | _a9789893319628 | ||
| 040 |
_aBD-DhUL _cBD-DhUL |
||
| 082 |
_a954.92 _bMAB |
||
| 100 | 1 | _aমতিন, এম এ | |
| 245 | 1 |
_aবাংলাদেশের স্বাধীনতা সংগ্রাম : _b সতেরো'শ সাতান্ন থেকে উনিশ'শ সাতচল্লিশ / _c এম এ মতিন |
|
| 250 | _a২য় | ||
| 260 |
_aঢাকা : _bইউনিভার্সেল একাডেমি, _c২০১৭. |
||
| 300 |
_a৬৪৮ পৃ. : _b সম্মুখ চিত্র, চিত্র ; _c২২ সেমি |
||
| 365 |
_aBDT _b1000 |
||
| 504 | _aগ্রন্থপঞ্জিগত তথ্য সংবলিত | ||
| 651 | 0 |
_aবাংলাদেশ _xইতিহাস |
|
| 651 | 0 |
_aBangladesh _xHistory |
|
| 942 |
_2ddc _cBK |
||
| 999 |
_c193759 _d193759 |
||